A Text book of Geology / (Record no. 36628)

MARC details
000 -LEADER
fixed length control field 00398nam a22001697a 4500
005 - DATE AND TIME OF LATEST TRANSACTION
control field 20241004094019.0
008 - FIXED-LENGTH DATA ELEMENTS--GENERAL INFORMATION
fixed length control field 241004b |||||||| |||| 00| 0 eng d
020 ## - INTERNATIONAL STANDARD BOOK NUMBER
ISBN 8123900139
082 ## - DEWEY DECIMAL CLASSIFICATION NUMBER
Classification number 551.8
Item number MAH-T
100 ## - MAIN ENTRY--AUTHOR
Author Name Mahapatra
245 ## - TITLE STATEMENT
Title A Text book of Geology /
260 ## - PUBLICATION, DISTRIBUTION, ETC.
Place of Publication india:
Name of publisher, distributor, etc. jaypee;
Date of publication, distribution, etc. 2018
300 ## - PHYSICAL DESCRIPTION
Pages 366p.
650 ## - SUBJECT ADDED ENTRY--TOPICAL TERM
Subject / Department Engineering
300 ## - PHYSICAL DESCRIPTION
-- ill;
-- 22cm.
952 ## - LOCATION AND ITEM INFORMATION (KOHA)
-- 0
-- 0
Holdings
Lost status Damaged status Collection code Permanent Location Current Location Shelving Location Date acquired Full Call Number Accession No./Barcode Date last seen item type Koha item type
    Engineering Superior Information Resource Center (SIRC) Superior University- Main Campus Superior Information Resource Center (SIRC) Superior University- Main Campus Civil 10/04/2024 551.8 MAH-T 2018 29487 10/04/2024 BOOK BOOK

Powered by Koha